| 000 | 00758nam a2200289Ia 4500 | ||
|---|---|---|---|
| 001 | 18657 | ||
| 005 | 20240113235855.0 | ||
| 007 | ta | ||
| 008 | 060120s1966 a g b000 u asm u | ||
| 040 | _aCotton College,Assam | ||
| 041 | _aasm | ||
| 082 |
_a891.4142 _bSa 74 P |
||
| 100 | _aSarma, Prabhat Ch. . | ||
| 245 | 0 |
_aPanchatantra / _cPrabhat Ch. Sarma. _hTextual Documents |
|
| 250 | _a1st ed. / | ||
| 260 |
_aGuwahati : _bAsam Prakashan Parishad , _c1966. |
||
| 300 |
_a414p. : _bill ; _c22cm . |
||
| 653 | _aAssamese Literature | ||
| 653 | _aAssamese Fiction-Collections | ||
| 653 | _aG-Assamese | ||
| 653 | _aT/G-Assamese | ||
| 942 |
_2ddc _cBK |
||
| 999 |
_c18639 _d18639 |
||